00381nam a2200121Ia 4500008004000000020001800040082001800058100002400076245005800100260006200158300001000220650002900230210210b2006 xxu||||| |||| 00| 0 eng d a81 7993 085 8 a333.7938 BHOB aBHOJVAID (P P). Ed. aBiofuels: towards a greener and secure energy future. aNew DelhibTeri the Energy and Resources Institutec2006 ax,281 aBiofuels Energy Jatropha